000 00687nam a2200289Ia 4500
005 20260324122359.0
008 008 260324s9999 xx 000 0 eng d
020 _a9781315729541
037 _aEBOOK
040 _aCRL
040 _beng
040 _cCRL
041 _2eng
041 _aeng
084 _qCRL
100 _aSteven J. Sutcliffe; Ingvild Saelid Gilhus
_91166217
245 0 _aNew Age Spirituality
245 0 _bRethinking Religion
260 _bTaylor and Francis
260 _c2013
365 _a
365 _b255
856 _uhttp://www.taylorfrancis.com/books/9781315729541
942 _cEBOOK
999 _c1758922
_d1758922